Nhiệt độ là gì?
Đề cập đến nhiệt độ và nhiệt biểu; Nhiệt độ nhiệt động lực; sơ lược về cấu tạo vật chất. Trình bày sơ lược về cấu tạo vật chất; chuyển động nhiệt; hỗn độn phân tử; tính ngẫu nhiên của chuyển động nhiệt phân tử; Nhiệt độ tuyệt đối âm. Giới thiệu độ và các tính chất của vật chất; Nhiệt độ và nhiệt dun...
Đã lưu trong:
| Tác giả chính: | |
|---|---|
| Định dạng: | Sách |
| Ngôn ngữ: | Vietnamese |
| Năm xuất bản: |
H.
GD
1978
|
| Chủ đề: | |
| Tags: |
Thêm thẻ
Không có thẻ, Hãy là người đầu tiên gắn thẻ bản ghi này!
|
| LEADER | 01314nam a2200265 4500 | ||
|---|---|---|---|
| 001 | vtls000003391 | ||
| 003 | VRT | ||
| 005 | 20170810085237.0 | ||
| 008 | 041025 2003 vm 00 vie | ||
| 999 | |c 3598 |d 3598 | ||
| 039 | 9 | |a 201202270916 |b luuthiha |c 201103091325 |d lanctv |c 200509081451 |d VLOAD |c 200505161456 |d Cuong | |
| 040 | |a TVTTHCM |e AACR2. | ||
| 041 | 0 | |a vie. | |
| 082 | 0 | 4 | |a 536 |b V500TH |
| 100 | 1 | |a Vũ Thanh Khiết | |
| 245 | 1 | 0 | |a Nhiệt độ là gì? |c Vũ Thanh Khiết |
| 260 | |a H. |c 1978 |b GD | ||
| 300 | |a 75 tr. |c 19 cm | ||
| 520 | |a Đề cập đến nhiệt độ và nhiệt biểu; Nhiệt độ nhiệt động lực; sơ lược về cấu tạo vật chất. Trình bày sơ lược về cấu tạo vật chất; chuyển động nhiệt; hỗn độn phân tử; tính ngẫu nhiên của chuyển động nhiệt phân tử; Nhiệt độ tuyệt đối âm. Giới thiệu độ và các tính chất của vật chất; Nhiệt độ và nhiệt dung; tính chất các vật ở nhiệt độ thấp | ||
| 650 | 4 | |x vật lý | |
| 653 | |a Vật lý | ||
| 653 | |a Nhiệt độ | ||
| 942 | |2 ddc |c SH | ||
| 949 | |6 100001542 | ||
| 952 | |0 0 |1 0 |2 ddc |4 0 |6 536_000000000000000_V500TH |7 0 |8 500 |9 37335 |a qbu |b qbu |c D3 |d 2014-12-16 |g 10000 |o 536 V500TH |p 2901.C1 |w 2014-12-16 |y SH |0 0 |6 536_000000000000000_V500TH | ||